1408 1295 1045 1874 1384 1271 1134 1511 1295 1465 1292 1200 1557 1302 1500 1280 1882 1635 1675 1449 1983 1184 1037 1162 1192 1816 1284 1079 1874 1335 1193 1281 1190 1001 1423 1925 1170 1522 1805 1541 1311 1480 1372 1436 1942 1620 1386 1209 1817 1443 1662 1646 1477 1039 1852 1277 1937 1758 1317 1556 1966 1393 1077 1929 1814 1134 1740 1307 1949 1497 1928 1964 1532 1173 1917 1107 1906 1233 1102 1877 1534 1391 1792 1490 1044 1542 1762 1836 1227 1142 1739 1025 1750 1627 1420 1769 1515 1227 1858 BCNSPRNW ULIB Ver.6.0+V

เปลี่ยนเป็นภาษาไทย

Change to English
 แสดงรายละเอียดบรรณานุกรม
  กลับหน้าหลัก

Brief Record : Get Marc (ISO 2709) : E-mail record : QR code < ปิดหน้าต่าง
LEADER : 00000nam 2200000uu 4500
001    13399121283
003     ULIB
008    121114s2549||||th 000 0 tha d
020    ^a9789749330982
050 04 ^aPE1130^bช485ส
100 0  ^aชาญชัย บุญเฮ้า
245 10 ^aสูตรสำเร็จการพูดภาษาอังกฤษ = Amazing conversation /^cชาญชัย บุญเฮ้า ผู้เรียบเรียง
246 31 ^aAmazing conversation
260    ^aกรุงเทพฯ :^bบี.อี.ซี.,^c2549
300    ^a297 หน้า
650  7 ^aภาษาอังกฤษ^xตำราสำหรับชนต่างชาติ
650  7 ^aภาษาอังกฤษ^xบทสนทนาและวลี
945    ^p200^l0^i24863
995    ^aวิภา
999 ^a ทศพร
รายการนี้ยังไม่มีแท็ก
คุณยังไม่ได้ล็อกอิน คุณสามารถมีกิจกรรมร่วมกับเว็บไซต์ได้ แต่ต้องล็อกอินก่อน ::
  ล็อกอิน

รายการสื่อสารสนเทศ

ลำดับที่ ประเภท เลขเรียก/บาร์โค้ด สถานที่ สถานะ
1. วิทยาศาสตร์การแพทย์ และสุขภาพ
วิทยาศาสตร์การแพทย์ และสุขภาพ
PE1130 ช485ส  
  Barcode: 24863
ห้องสมุดวิทยาเขตสวรรค์ประชารักษ์
►หนังสือทั่วไป
บนชั้น

รายการใกล้เคียง
    ผู้แต่ง [ชาญชัย บุญเฮ้า]

BibComment


ยังไม่เคยถูกคอมเมนท์

คอมเมนท์ทรัพยากรรายการนี้
  คอมเมนท์: สูตรสำเร็จการพูด..


 Copyright 2026. Bcnsprnw @Library